| 000 | 00000nam##2200000za#4500 |
| 001 | 9.642944 |
| 003 | CaOODSP |
| 005 | 20210624223937 |
| 007 | cr ||||||||||| |
| 008 | 150407|2008||||xxc|||||o f|0| 0 fre|d |
| 040 | |aCaOODSP|bfre |
| 043 | |an-cn--- |
| 086 | 1 |aEn84-103/2008F-PDF |
| 110 | 1 |aCanada. |bEnvironnement Canada. |
| 245 | 10|aRenseignements de base et conseils supplémentaires pour l'étude de la létalité aiguë d'un effluent d'eau usée pour la truite arc-en-ciel / |h[ressource électronique]|c[publié par la] Section de l'elaboration et de l'application des méthodes, Centre des sciences et technologies environnementales. |
| 260 | |aOttawa - Ontario : |bEnvironnement Canada |cMars 2008. |
| 300 | |a28p.|bgraphique, références, tableau |
| 590 | |a14-08-Supp|b2014-04-10 |
| 691 | 07|aEaux usées|2gcpds |
| 691 | 07|aImpact sur l'environnement|2gcpds |
| 691 | 07|aPoisson|2gcpds |
| 775 | 08|tSupplementary background and guidance for investigating acute lethality of wastewater effluent to rainbow trout / |w(CaOODSP)9.698885 |
| 856 | 40|ahttp://publications.gc.ca|qPDF|s209 Ko|uhttps://publications.gc.ca/collections/collection_2014/ec/En84-103-2008-fra.pdf |